000 00840cam a2200217 a 4500
001 000018291
005 20200929165435.0
008 711112s1968 pr 000 p spa d
040 _aDO-SdBNP
_bspa
_cLC
_dBNPHU
082 _aPR861.7295
_bC223c
100 1 _aCanino Salgado, Marcelino J.
_d1942-
_939610
245 1 3 _aLa copla y el romance populares en la tradición oral de Puerto Rico /
_cMarcelino J. Canino Salgado.
260 _aSan Juan, Puerto Rico :
_bInstituto de Cultura Puertorriqueña,
_c1968.
300 _a176 p. ;
_c23 cm.
504 _aBibliografías: p. 165-172.
650 4 _aCanciones folclóricas puertorriqueñas
_939611
650 4 _aCanciones folclóricas
_xHistoria y crítica
_939612
650 4 _aLiteratura puertorriqueña
_yHISTORIA Y CRÍTICA
_939613
910 _aCatalogación por copia / LC
049 _aBNGR
999 _c17812
_d17812